书目信息 |
| 题名: |
无人机航拍学
|
|
| 作者: | 黄立宇 著 | |
| 分册: | ||
| 出版信息: | 南昌 江西人民出版社 2017.05 |
|
| 页数: | 229页 | |
| 开本: | 24cm | |
| 丛书名: | ||
| 单 册: | ||
| 中图分类: | TB869 | |
| 科图分类: | ||
| 主题词: | 无人驾驶飞机--航空摄影 | |
| 电子资源: | ||
| ISBN: | 978-7-210-09393-0 | |
| 000 | 00704nam0 2200217 450 | |
| 001 | 4331 | |
| 005 | 20181011101548.33 | |
| 010 | @a978-7-210-09393-0@dCNY43.00 | |
| 100 | @a20171018d2017 em y0chiy50 ea | |
| 101 | 0 | @achi |
| 102 | @aCN@b360000 | |
| 105 | @aa z 000yy | |
| 200 | 1 | @a无人机航拍学@9wu ren ji hang pai xue@f黄立宇著 |
| 210 | @a南昌@c江西人民出版社@d2017.05 | |
| 215 | @a229页@c图@d24cm | |
| 330 | @a本书分为四编,主要内容包括无人机航拍学的理论基础、航拍无人机的构造及其原理、无人机航拍的艺术追求和无人机航拍镜头语言评析。 | |
| 606 | 0 | @a无人驾驶飞机@x航空摄影 |
| 690 | @aTB869@v5 | |
| 701 | 0 | @a黄立宇@9huang li yu@4著 |
| 801 | 0 | @aCN@b91MARC@c20171018 |
| 905 | @aMuseLib@dTB869@e168 | |
| 无人机航拍学/黄立宇著.-南昌:江西人民出版社,2017.05 |
| 229页:图;24cm |
| ISBN 978-7-210-09393-0:CNY43.00 |
| 本书分为四编,主要内容包括无人机航拍学的理论基础、航拍无人机的构造及其原理、无人机航拍的艺术追求和无人机航拍镜头语言评析。 |
| ● |
| 相关链接 |
|
|
|
|
正题名:无人机航拍学
索取号:TB869/168
 
预约/预借
| 序号 | 登录号 | 条形码 | 馆藏地/架位号 | 状态 | 备注 |
| 1 | 1124646 | 211246463 | 第二样本阅览室/ [索取号:TB869/168] | 在馆 | |
| 2 | 1124647 | 211246472 | 第三借阅区/ [索取号:TB869/168] | 在馆 | |
| 3 | 1124648 | 211246481 | 第三借阅区/ [索取号:TB869/168] | 在馆 | |
| 4 | 1124649 | 211246490 | 第三借阅区/ [索取号:TB869/168] | 在馆 | |
| 5 | 1124650 | 211246506 | 第三借阅区/ [索取号:TB869/168] | 在馆 |